Estación meteorológica /

¿Cómo interpreta la población la información meteorológica y el pronóstico del tiempo y cómo afecta y condiciona a los diferentes usuarios? En este capítulo se presentan los métodos, dispositivos y el equipamiento utilizados para la generación, transmisión y procesamiento de la información para la e...

Descripción completa

Guardado en:
Autor Principal: Campanella, Juan José
Autores Corporativos: Canal Encuentro., Instituto Nacional de Educación Tecnológica (INET)
Formato: Deslizar
Publicado: Argentina, 2009
Series:Entornos Invisibles
Materias:
Acceso en línea:https://www.educ.ar/recursos/50690/estacion-meteorologica
Etiquetas: Agregar Etiqueta
Sin Etiquetas, Sea el primero en etiquetar este registro!
LEADER 02294ngm a22003375g 4500
001 CEM.cems023528
008 130507s2009##################0###0#####d
005 20250603160539.0
245 1 0 |a Estación meteorológica /  |c Juan José Campanella. 
260 |a Argentina,  |c 2009 
300 |a 30'. 
490 0 |a Entornos Invisibles 
520 |a ¿Cómo interpreta la población la información meteorológica y el pronóstico del tiempo y cómo afecta y condiciona a los diferentes usuarios? En este capítulo se presentan los métodos, dispositivos y el equipamiento utilizados para la generación, transmisión y procesamiento de la información para la elaboración del pronóstico meteorológico. Temática: Organismos y estrategias de medición a nivel mundial. Estaciones en tierra manuales y automáticas. Estaciones en el mar: boyas, plataformas y barcos. Variables meteorológicas en superficie: temperatura, humedad, presión atmosférica, viento, precipitación, cantidad de nubosidad, etc. Satélites meteorológicos de órbita polar y geostacionaria. Los radares, la medición de hidrometeoros, transmisión de una señal de microondas. Radares Doppler. Los radio sondeos: funcionamiento. Medición de temperatura, humedad y presión atmosférica utilizando sensores electrónicos. Medición de dirección e intensidad del viento por sistema de GPS. Distintos tipos de diseños y estructuras de modelos y aplicaciones en función del usuario final. Modelo de pronóstico numérico. Leyes físicas expresadas en su forma matemática, modelos. Análisis de la información, generación y valor del pronóstico meteorológico. 
538 |a Soporte: DVD - Color: Si - Grabación DRD 
500 |a Consultar en ventanilla. 
100 1 |a Campanella, Juan José 
710 2 |a Canal Encuentro. 
710 2 |a Instituto Nacional de Educación Tecnológica (INET) 
082 5 3 |/ CAM 
653 |a CIENCIA 
653 |a FISICA 
653 |a QUIMICA 
653 |a ENTORNOS INVISIBLES 
653 |a METEOROLOGIA 
653 |a RADARES 
653 |a TIEMPO 
653 |a CLIMA 
653 |a SERIE DE TELEVISIÓN 
653 |a DOCUMENTAL 
856 |u https://www.educ.ar/recursos/50690/estacion-meteorologica 
859 |a CEMS  |b BIB. CEMS - Depto. Recursos Didacticos  |h 530  |i CAM  |k DRD  |p 2171.15  |t Ej.1